African political systems; (Record no. 1428810)

MARC details
000 -LEADER
fixed length control field 01182cam a2200337 4500
001 - CONTROL NUMBER
control field 4557602
005 - DATE AND TIME OF LATEST TRANSACTION
control field 20250519124513.0
008 - FIXED-LENGTH DATA ELEMENTS--GENERAL INFORMATION
fixed length control field 701105s1970 enkab 001 0 eng
010 ## - LIBRARY OF CONGRESS CONTROL NUMBER
LC control number 72510982
020 ## - INTERNATIONAL STANDARD BOOK NUMBER
International Standard Book Number 0192850407
020 ## - INTERNATIONAL STANDARD BOOK NUMBER
International Standard Book Number 978-1-138-92608-0 (pbk)
037 ## - SOURCE OF ACQUISITION
Terms of availability TB
040 ## - CATALOGING SOURCE
Original cataloging agency BL
Transcribing agency BL
Modifying agency BL
041 ## - LANGUAGE CODE
Source of code eng
Language code of text/sound track or separate title eng
043 ## - GEOGRAPHIC AREA CODE
Geographic area code f------
050 00 - LIBRARY OF CONGRESS CALL NUMBER
Classification number GN490
Item number .F6 1970
084 ## - COLON CLASSIFICATION NUMBER
Classification number V6:3 M7
Assigning agency BL
245 10 - TITLE STATEMENT
Title African political systems;
260 ## - PUBLICATION, DISTRIBUTION, ETC.
Place of publication, distribution, etc. London, UK;
-- New York, USA:
Name of publisher, distributor, etc. Published for the International African Institute by Oxford U.P.,
Date of publication, distribution, etc. 1987.
300 ## - PHYSICAL DESCRIPTION
Extent xxiii, 302p.
Other physical details illus., maps.
Dimensions 21 cm.
350 ## - PRICE (NR) (BK AM CF MU VM SE) [OBSOLETE]
Price 12/-
365 ## - TRADE PRICE
Price amount 2995.3
Currency code INR
650 #0 - SUBJECT ADDED ENTRY--TOPICAL TERM
Topical term or geographic name entry element Indigenous peoples
Geographic subdivision Africa.
9 (RLIN) 808892
650 #0 - SUBJECT ADDED ENTRY--TOPICAL TERM
Topical term or geographic name entry element Tribal government.
9 (RLIN) 808893
650 #0 - SUBJECT ADDED ENTRY--TOPICAL TERM
Topical term or geographic name entry element Political anthropology
Geographic subdivision Africa.
9 (RLIN) 808894
700 1# - ADDED ENTRY--PERSONAL NAME
Personal name Fortes, M.
Relator term editor.
9 (RLIN) 808895
700 1# - ADDED ENTRY--PERSONAL NAME
Personal name Evans, Pritchard, E. E.
Relator term editor.
9 (RLIN) 808896
906 ## - LOCAL DATA ELEMENT F, LDF (RLIN)
a 7
b cbc
c orignew
d 4
e ncip
f 19
g y-gencatlg
942 ## - ADDED ENTRY ELEMENTS (KOHA)
Source of classification or shelving scheme Colon Classification (CC)
Koha item type Textbook
Classification part V6:3 M7
Suppress in OPAC No
Holdings
Withdrawn status Lost status Source of classification or shelving scheme Damaged status Not for loan Home library Current library Date acquired Source of acquisition Cost, normal purchase price Inventory number Total Checkouts Full call number Barcode Date last seen Price effective from Koha item type
    Colon Classification (CC)     Braille Library Braille Library 2025-05-19 Shivam Book Service 2995.30 188 & 2025-02-28   V6:3 M7 BL0001219 2025-05-19 2025-05-19 Textbook
Copyright @ Delhi University Library System